00871nam a2200205 a 4500001001000000003000500010005001700015008004100032010001100073011001100084040000900095100003900104245015600143260004100299500006000340502012500400650002800525650004200553856007000595000115772CHAP20220329144547.0190703s2018 mx a sm |||||||spa d a112233 a113205 cCHAP1 aPizar Quiroz, Alejandro Marcelino.10aDinámica poblacional de Anastrepha oblicua (Macquart) en mango, en Tecpan de Galeana, Guerrero /h[En línea]cpor Alejandro Marcelino Pizar Quiroz. aChapingo, Méx. :bEl autor,c2018. aPara ver el contenido del material haga clic en la liga aTesis (Ing. Agr. Fitotecnista) -- Colegio Superior Agropecuario del Estado de Guerrero. Centro de Estudios Profesionales14aMangoxPlagasxControl.14aMosca de la frutaxControlzMéxico. aFinding aiduhttp://10.13.5.2/tesis/sist115772.pdfzTeclea aquí